|
|
|
|
| LEADER |
01198nam a2200253 a 4500 |
| 001 |
12172918 |
| 008 |
101204r20042001maua b 001 0 eng d |
| 010 |
|
|
|a 00048169
|
| 020 |
|
|
|a 8120324617
|
| 020 |
|
|
|a 0262062186
|
| 040 |
|
|
|a DLC
|c DLC
|d DLC
|d BD-DhAAL
|
| 082 |
0 |
0 |
|a 005.1/2
|2 21
|
| 245 |
0 |
0 |
|a How to design programs :
|b an introduction to programming and computing /
|c Matthias Felleisen ... [et al.].
|
| 260 |
|
|
|a Cambridge, Mass. :
|b MIT Press ;
|a New Delhi :
|b Prentice Hall,
|c c2001 [reprinted 2004].
|
| 300 |
|
|
|a xxx, 693 p. :
|b ill. ;
|c 24 cm.
|
| 504 |
|
|
|a Includes bibliographical references and index.
|
| 541 |
1 |
|
|e 00016440
|
| 650 |
|
0 |
|a Computer programming.
|
| 650 |
|
0 |
|a Electronic data processing.
|
| 700 |
1 |
|
|a Felleisen, Matthias.
|
| 852 |
4 |
|
|a Ayesha Abed Library
|j General Shelf.
|
| 999 |
|
|
|c 10125
|d 10125
|
| 952 |
|
|
|0 0
|1 0
|2 ddc
|4 0
|6 005_120000000000000_HOW
|7 0
|9 13400
|a BRACUL
|b BRACUL
|c GEN
|d 2010-12-04
|l 2
|m 28
|o 005.12 HOW
|p 3010016440
|q 2026-06-02
|r 2026-01-26
|s 2026-01-26
|t 1
|w 2010-12-04
|y BK
|
| 952 |
|
|
|0 0
|1 0
|2 ddc
|4 0
|6 005_120000000000000_HOW
|7 0
|9 20743
|a BRACUL
|b BRACUL
|c GEN
|d 2012-07-18
|e Paragon Enterprises Ltd.
|g 630.00
|l 2
|m 5
|o 005.12 HOW
|p 3010025629
|r 2024-01-17
|s 2024-01-17
|t 2
|w 2012-07-18
|y BK
|